One In Two - Countries - Area - Statistics

General Stats
  • This quiz has been taken 14 times
  • The average score is 9 of 15
Answer Stats
Question Answer % Correct
Choose the country with a larger area. France
100%
Choose the country with a larger area. Germany
86%
Choose the country with a larger area. Equatorial Guinea
71%
Choose the country with a larger area. Lithuania
71%
Choose the country with a larger area. Japan
64%
Choose the country with a larger area. Turkmenistan
64%
Choose the country with a larger area. Algeria
57%
Choose the country with a larger area. Grenada
57%
Choose the country with a larger area. Macedonia
57%
Choose the country with a larger area. Malawi
57%
Choose the country with a larger area. Chile
50%
Choose the country with a larger area. Nicaragua
50%
Choose the country with a larger area. Iran
36%
Choose the country with a larger area. Timor-Leste
21%
Choose the country with a larger area. Vanuatu
21%
No matching quizzes found
Score Distribution
Percent of People with Each Score
Percentile by Number Answered
Your Score History
You have not taken this quiz